Praktische grammatik der armenischen sprache für den selbstunterricht. : I. Classische sprache. II. Neu-armenische sprache mit einem neu-armenisch-deutschen und deutsch-neu-armenischen wörterbuch und zahlreichen lesestücken /

Bibliographic Details
Main Author: Kainz, C. (Carl), 1870-
Format: Book
Language:German
Armenian
Published: Wien : A. Hartleben, [1891]
Series:Kunst der polyglottie.
Subjects:

MARC

Tag First Indicator Second Indicator Subfields
LEADER 00000cam a2200000 4500
001 in00001304113
005 20151005071340.0
008 761215s1891 xx 000 0 ger
010 |a  34006782  
035 |a (OCoLC)02625335 
035 |9 AHC3389AM 
040 |a DLC  |c NNM  |d TXA  |d UtOrBLW 
041 0 |a ger  |a arm 
049 |a TXAM 
050 0 |a PK8023  |b .K3 
082 0 0 |a 491.548243 
090 |a PK8023  |b .K3 1891 
100 1 |a Kainz, C.  |q (Carl),  |d 1870- 
245 1 0 |a Praktische grammatik der armenischen sprache für den selbstunterricht. :  |b I. Classische sprache. II. Neu-armenische sprache mit einem neu-armenisch-deutschen und deutsch-neu-armenischen wörterbuch und zahlreichen lesestücken /  |c Von C. Kainz. 
264 1 |a Wien :  |b A. Hartleben,  |c [1891] 
300 |a viii, 196 pages ;  |c 17 cm. 
336 |a text  |b txt  |2 rdacontent 
337 |a unmediated  |b n  |2 rdamedia 
338 |a volume  |b nc  |2 rdacarrier 
490 1 |a Kunst der polyglottie 
500 |a On cover: Bibliothek der sprachenkunde. 
536 |a Donated through the generosity of Professor Frank Friedeberg Seely, June, 1996. 
650 0 |a Armenian language  |x Grammar. 
830 0 |a Kunst der polyglottie. 
999 |a MARS 
999 f f |s 583b17e3-d917-345d-bbd5-775f19181ab1  |i d1964742-f870-3c0a-9ed5-7718d7d00291  |t 0 
952 f f |p ric  |a Texas A&M University  |b Rellis Campus  |c Joint Library Facility  |d Remote Storage  |t 0  |e PK8023 .K3 1891  |h Library of Congress classification  |i unmediated -- volume  |m A14820632638 
998 f f |a PK8023 .K3 1891  |t 0  |l Remote Storage